000 00790nam a2200241 a 4500
001 000033798
005 20240313182404.0
008 110912s1889 fr 000 0bfre d
040 _aDO-SdBNP
_bspa
_cBNPHU
041 0 7 _afr
082 _a923.9
_bC719ca
100 1 _aCadoret, Eugéne,
_d1823-
_959218
245 1 3 _aLa vie de Christophe Colomb /
_cEugéne Cadoret.
260 _aParís, Francia :
_bLibrairie Internationale,
_c1889.
300 _a416 p. ;
_c19 cm.
546 _aFrancés
600 0 _aCOLÓN, CRISTOBAL,
_d1436-1456
_919795
600 1 4 _aCOLÓN, CRISTÓBAL
_d1451-1506
_xVIAJES
_918590
650 4 _aExploradores
_zAmérica
_xBiografías
_924585
650 4 _aAmérica
_xDescubrimiento y exploraciones
_920820
910 _aValidado. Control de calidad EMS
049 _aBNPD
999 _c33289
_d33289